| 000 | 00627nam a2200217 a 4500 | ||
|---|---|---|---|
| 005 | 20210219153056.0 | ||
| 008 | 991125n 000 0 spa u | ||
| 035 | _aUPN01000076485 | ||
| 100 | _aSancho, Luis | ||
| 222 |
_aEDUCACION Y BIBLIOTECA : _bREVISTA MENSUAL DE DOCUMENTACION Y RECURSOS DIDACTICOS |
||
| 245 | _aEl ensayo fundamentalmente es una reflexión | ||
| 300 | _a46-49 | ||
| 362 | _a1996 Año 8, no. 66, mar. | ||
| 653 | 0 | _aEDITORIALES | |
| 653 | 0 | _aENSAYO | |
| 653 | 0 | _aLIBRERIA EL BUSCON | |
| 700 | _aCabaleiro, Benjamin | ||
| 700 | _aSolano, Francisco | ||
| 904 |
_aAC _b014296 |
||
| 905 | _aArticulo | ||
| 999 |
_c67811 _d67811 |
||